banner-ar

الاطيان و الضرائب فى القطر المصرى / (Record no. 61158)

MARC details
000 -الفاتح
حقل البيانات ثابتة الطول 00937nam a2200241 4500
005 - وقت وتاريخ اخر تعامل مع التسجيلة
رقم الضبط 20240530110446.0
008 - عناصر البيانات ثابتة الطول - معلومات عامة
حقل البيانات ثابتة الطول 150428s2008 ua d f 000 0 ara d
017 ## - رقم الايداع القانونى
رقم الايداع القانونى 2008/21035
المصدر ( الهيئة المختصة) مصر . دار الكتب المصرية
020 ## - الرقم الدولى المعيارى للكتب
الرقم الدولى المعيارى للكتاب 9789774205928
040 ## - مصدر الفهرسة
وكالة الفهرسة الأصلية EG-CaGPL
082 04 - رقم تصنيف ديوى العشرى
رقم الطبعة 21
رقم التصنيف 336.22
رقم المادة ق/ج أ
100 0# - المدخل الرئيسى - إسم شخصى
الإسم الشخصى جرجس حنين
245 12 - بيان العنوان
العنوان الاطيان و الضرائب فى القطر المصرى /
بيان المسئوليه,etc جرجس حنين
260 ## - PUBLICATION, DISTRIBUTION, ETC. (IMPRINT)
تاريخ النشر أو التوزيع 2008 .
300 ## - الوصف المادى
التعداد 734 ص :
تفاصيل ماديه اخرى للوعاء ايض ؛
أبعاد الوعاء 24 سم
490 0# - بيان السلسلة
عنوان السلسلة تاريخ المصريين ؛
رقم المجلد/ التعيين التسلسلي 276
650 04 - المدخل الاضافى بالموضوع-مصطلح موضوعى
مصطلح موضوعي الاراضى الزراعية
التقسيم الفرعي العام قوانين وتشريعات
650 04 - المدخل الاضافى بالموضوع-مصطلح موضوعى
مصطلح موضوعي ملكية الاراضى
التقسيم الفرعي الجغرافي مصر
650 04 - المدخل الاضافى بالموضوع-مصطلح موضوعى
مصطلح موضوعي اصلاح الاراضى
التقسيم الفرعي الجغرافي مصر
650 04 - المدخل الاضافى بالموضوع-مصطلح موضوعى
مصطلح موضوعي الاراضى
التقسيم الفرعي العام ضرائب
التقسيم الفرعي الجغرافي مصر
942 ## - عناصر المدخل الإضافي( كوها)
مصدر التصنيف او مخطط الترفيف Dewey Decimal Classification
Koha [default] item type كتاب
260 ## - PUBLICATION, DISTRIBUTION, ETC. (IMPRINT)
-- القاهرة :
-- الهيئة المصرية العامة للكتاب ،
Holdings
حالة التراجع حالة الفقد حالة تلف ليس للاعارة المكان المؤقت الموقع الحالى تاريخ الاكتساب اجمالي اﻻعارات رقم الطلب الباركود تاريخ اخر مشاهدة تاريخ تفعيل السعر نوع وعاء كوها
        مكتبة القاهرة الكبرى مكتبة القاهرة الكبرى 04/28/2015   336.22 ق/ج أ 160382 10/05/2022 04/28/2015 كتاب

Powered By

EGPV